People of the Earth (Record no. 13342)
[ view plain ]
| 000 -LEADER | |
|---|---|
| fixed length control field | 01170nam a2200265Ia 4500 |
| 003 - CONTROL NUMBER IDENTIFIER | |
| control field | OSt |
| 005 - DATE AND TIME OF LATEST TRANSACTION | |
| control field | 20250715171642.0 |
| 008 - FIXED-LENGTH DATA ELEMENTS--GENERAL INFORMATION | |
| fixed length control field | 220909b |||||||| |||| 00| 0 eng d |
| 020 ## - INTERNATIONAL STANDARD BOOK NUMBER | |
| International Standard Book Number | 9780205735679 |
| 040 ## - CATALOGING SOURCE | |
| Original cataloging agency | CSL |
| Language of cataloging | eng |
| Transcribing agency | CSL |
| 041 ## - LANGUAGE CODE | |
| Language code of text/sound track or separate title | eng |
| 084 ## - COLON CLASSIFICATION NUMBER | |
| Classification number | Y:17 M9;Q0;1 |
| Assigning agency | CSL |
| 100 ## - MAIN ENTRY--PERSONAL NAME | |
| Personal name | Fagan, Brian M |
| Relator term | author. |
| 9 (RLIN) | 10867 |
| 245 #0 - TITLE STATEMENT | |
| Title | People of the Earth |
| Remainder of title | : Introduction to World Pre-History |
| 250 ## - EDITION STATEMENT | |
| Edition statement | 13th ed. |
| 260 ## - PUBLICATION, DISTRIBUTION, ETC. | |
| Place of publication, distribution, etc. | New Jersey : |
| Name of publisher, distributor, etc. | Pearson Edu, |
| Date of publication, distribution, etc. | 2010. |
| 300 ## - PHYSICAL DESCRIPTION | |
| Extent | xxiv, 552p. |
| 500 ## - GENERAL NOTE | |
| General note | Includes Index 531-552p. |
| 520 ## - SUMMARY, ETC. | |
| Summary, etc. | This internationally renowned text provides the only truly global account of human prehistory from the earliest times through the earliest civilizations. Written in an accessible way, People of the Earth shows how today's diverse humanity developed biologically and culturally over millions of years against a background of constant climatic change. |
| 650 ## - SUBJECT ADDED ENTRY--TOPICAL TERM | |
| Topical term or geographic name entry element | People of the earth. |
| 9 (RLIN) | 815708 |
| 650 ## - SUBJECT ADDED ENTRY--TOPICAL TERM | |
| Topical term or geographic name entry element | World prehistory. |
| 9 (RLIN) | 815709 |
| 650 ## - SUBJECT ADDED ENTRY--TOPICAL TERM | |
| Topical term or geographic name entry element | Anthropology. |
| 942 ## - ADDED ENTRY ELEMENTS (KOHA) | |
| Classification part | Y:17 M9;Q0;1 |
| Koha item type | Textual |
| Source of classification or shelving scheme | Colon Classification (CC) |
| Suppress in OPAC | No |
| Withdrawn status | Lost status | Damaged status | Not for loan | Home library | Current library | Date acquired | Source of acquisition | Total Checkouts | Full call number | Barcode | Date last seen | Price effective from | Koha item type |
|---|---|---|---|---|---|---|---|---|---|---|---|---|---|
| Central Science Library | Central Science Library | 2022-09-12 | 433, 30/03/2012, N R Book Distributors | Y:17 M9;Q0;1 | SL1558039 | 2022-09-12 | 2022-09-12 | Textual |
